1444 1597 1401 1362 1428 1485 1398 1705 1600 1943 1118 1185 1268 1081 1608 1556 1170 1420 1864 1219 1493 1284 1463 1458 1794 1170 1286 1725 1914 1467 1749 1573 1174 1491 1776 1329 1416 1160 1603 1943 1018 1309 1469 1861 1841 1904 1349 1509 1470 1561 1712 1515 1504 1005 1293 1504 1061 1617 1847 1913 1805 1277 1292 1677 1787 1008 1129 1625 1198 1741 1579 1804 1057 1170 1898 1592 1898 1856 1655 1954 1772 1939 1486 1534 1193 1176 1519 1413 1399 1480 1665 1999 1941 1754 1386 1035 1670 1058 1537 BCNSPRNW ULIB Ver.6.0+V

เปลี่ยนเป็นภาษาไทย

Change to English
 แสดงรายละเอียดบรรณานุกรม
  กลับหน้าหลัก

Brief Record : Get Marc (ISO 2709) : E-mail record : QR code < ปิดหน้าต่าง
LEADER : 00000nam 2200000uu 4500
001    13399110723
003     ULIB
008    110608s2552||||th 000 0 tha d
020    9789744141200
041 1  tha^heng
050  4 HD47.4^bค934ก 2552
100 0  แคปแลนด์, โรเบิร์ต เอส.
245 10 การวิเคราะห์ต้นทุนบนฐานกิจกรรมและเกณฑ์เวลา =^bTime-drivenactivity-based costing /^cRobert S. Kaplan ร่วมกับ Steven R. Anderson ; แปลและเรียบเรียงโดย จักร ติงศภัทิย์
246 31 Time-driven activity-based costing
250    พิมพ์ครั้งที่ 1
260    กรุงเทพฯ :^bเอ็กซเปอร์เน็ท,^c2552
300    452 หน้า :^bภาพประกอบ ;^c24 ซม.
650  7 การวิเคราะห์ต้นทุน
650  7 ต้นทุน
700 1  แอนเดอร์สัน, สตีเฟ่น อาร์
700 0  จักร ติงสภัทิย์,^eผู้แปล
945    ^p380^l0^i18242
995    กัณชพร
999    ^aใช้งานได้ทุกระบบ
รายการนี้ยังไม่มีแท็ก
คุณยังไม่ได้ล็อกอิน คุณสามารถมีกิจกรรมร่วมกับเว็บไซต์ได้ แต่ต้องล็อกอินก่อน ::
  ล็อกอิน

รายการสื่อสารสนเทศ

ลำดับที่ ประเภท เลขเรียก/บาร์โค้ด สถานที่ สถานะ
- ไม่พบข้อมูล -

รายการใกล้เคียง
    ผู้แต่ง [แคปแลนด์, โรเบิร์ต เอส.]

    หัวเรื่อง [การวิเคราะห์ต้นทุน]
    หัวเรื่อง [ต้นทุน]

BibComment


ยังไม่เคยถูกคอมเมนท์

คอมเมนท์ทรัพยากรรายการนี้
  คอมเมนท์: การวิเคราะห์ต้นทุ..


 Copyright 2026. Bcnsprnw @Library